Notre-dame des-fleurs

Gespeichert in:
Bibliographische Detailangaben
1. Verfasser: Genet Jean
Format: Buch
Sprache:Nichtbestimmte Sprache
Veröffentlicht: Milano Net 2004
Tags: Tag hinzufügen
Keine Tags, Fügen Sie das erste Tag hinzu!

MARC

LEADER 00000nam a2200000Ia 4500
001 484
003 NUMERAZIONE-ORIGINALE-BRESCIA
005 20260206230753.0
008 260206s9999 xx 000 0 und d
100 |a Genet Jean 
245 0 |a Notre-dame des-fleurs 
260 |a Milano 
260 |b Net 
260 |c 2004 
500 |a Narrativa 
500 |a Un angelo della rivolta e della provocazione 
942 |2 ddc  |c BK  |n 0 
952 |0 0  |1 0  |2 ddc  |4 0  |6 15  |7 0  |9 28610  |a BS  |b BS  |d 2026-02-06  |i 484  |l 0  |o 1-5-*  |r 2026-02-06 22:40:39  |w 2026-02-06  |x [REVISIONARE]  |y BK 
999 |c 24269  |d 24269